<?xml version="1.0" encoding="UTF-8"?><marc:collection xmlns:marc="http://www.loc.gov/MARC21/slim">
  <marc:record>
    <marc:leader>04815nas a2200805 c 4500</marc:leader>
    <marc:controlfield tag="001">010003215</marc:controlfield>
    <marc:controlfield tag="003">DE-101</marc:controlfield>
    <marc:controlfield tag="005">20250717155013.0</marc:controlfield>
    <marc:controlfield tag="007">tu</marc:controlfield>
    <marc:controlfield tag="007">hu uuu000uuuu</marc:controlfield>
    <marc:controlfield tag="008">991118c19049999rm u||p   s|| 0||||1rum c</marc:controlfield>
    <marc:datafield tag="016" ind1="7" ind2=" ">
      <marc:subfield code="2">DE-600</marc:subfield>
      <marc:subfield code="a">388-8</marc:subfield>
    </marc:datafield>
    <marc:datafield tag="016" ind1="7" ind2=" ">
      <marc:subfield code="2">DE-101</marc:subfield>
      <marc:subfield code="a">010003215</marc:subfield>
    </marc:datafield>
    <marc:datafield tag="022" ind1=" " ind2=" ">
      <marc:subfield code="a">1220-3246</marc:subfield>
    </marc:datafield>
    <marc:datafield tag="035" ind1=" " ind2=" ">
      <marc:subfield code="a">(DE-599)ZDB388-8</marc:subfield>
    </marc:datafield>
    <marc:datafield tag="035" ind1=" " ind2=" ">
      <marc:subfield code="a">(OCoLC)1367293689</marc:subfield>
    </marc:datafield>
    <marc:datafield tag="040" ind1=" " ind2=" ">
      <marc:subfield code="a">9001</marc:subfield>
      <marc:subfield code="b">ger</marc:subfield>
      <marc:subfield code="c">DE-101</marc:subfield>
      <marc:subfield code="d">9001</marc:subfield>
    </marc:datafield>
    <marc:datafield tag="041" ind1=" " ind2=" ">
      <marc:subfield code="a">rum</marc:subfield>
      <marc:subfield code="a">eng</marc:subfield>
      <marc:subfield code="a">fre</marc:subfield>
    </marc:datafield>
    <marc:datafield tag="042" ind1=" " ind2=" ">
      <marc:subfield code="a">zdb</marc:subfield>
    </marc:datafield>
    <marc:datafield tag="044" ind1=" " ind2=" ">
      <marc:subfield code="c">XA-RO</marc:subfield>
    </marc:datafield>
    <marc:datafield tag="082" ind1="7" ind2="4">
      <marc:subfield code="a">310</marc:subfield>
      <marc:subfield code="q">DE-600</marc:subfield>
      <marc:subfield code="2">22sdnb</marc:subfield>
    </marc:datafield>
    <marc:datafield tag="083" ind1="0" ind2=" ">
      <marc:subfield code="8">4\u</marc:subfield>
      <marc:subfield code="a">306.09</marc:subfield>
      <marc:subfield code="q">DE-101</marc:subfield>
      <marc:subfield code="2">22/ger</marc:subfield>
    </marc:datafield>
    <marc:datafield tag="085" ind1=" " ind2=" ">
      <marc:subfield code="8">4\u</marc:subfield>
      <marc:subfield code="b">306.09</marc:subfield>
    </marc:datafield>
    <marc:datafield tag="085" ind1=" " ind2=" ">
      <marc:subfield code="8">4\u</marc:subfield>
      <marc:subfield code="z">2</marc:subfield>
      <marc:subfield code="s">498</marc:subfield>
    </marc:datafield>
    <marc:datafield tag="085" ind1=" " ind2=" ">
      <marc:subfield code="8">4\u</marc:subfield>
      <marc:subfield code="z">1</marc:subfield>
      <marc:subfield code="s">09041</marc:subfield>
    </marc:datafield>
    <marc:datafield tag="090" ind1=" " ind2=" ">
      <marc:subfield code="n">sm</marc:subfield>
    </marc:datafield>
    <marc:datafield tag="110" ind1="1" ind2=" ">
      <marc:subfield code="0">(DE-588)4050939-4</marc:subfield>
      <marc:subfield code="0">https://d-nb.info/gnd/4050939-4</marc:subfield>
      <marc:subfield code="0">(DE-101)040509397</marc:subfield>
      <marc:subfield code="a">Rumänien</marc:subfield>
      <marc:subfield code="e">Verfasser</marc:subfield>
      <marc:subfield code="4">aut</marc:subfield>
      <marc:subfield code="2">gnd</marc:subfield>
    </marc:datafield>
    <marc:datafield tag="245" ind1="1" ind2="0">
      <marc:subfield code="a">Anuarul statistic al României</marc:subfield>
      <marc:subfield code="b">= Romanian statistical yearbook</marc:subfield>
      <marc:subfield code="c">Institutul Naţional de Statistică</marc:subfield>
    </marc:datafield>
    <marc:datafield tag="246" ind1="1" ind2="1">
      <marc:subfield code="a">Romanian statistical yearbook</marc:subfield>
    </marc:datafield>
    <marc:datafield tag="246" ind1="3" ind2=" ">
      <marc:subfield code="a">Personalităţi ale Statisticii Româneşti</marc:subfield>
    </marc:datafield>
    <marc:datafield tag="246" ind1="1" ind2=" ">
      <marc:subfield code="i">Paralleltitel 1904 - 1934</marc:subfield>
      <marc:subfield code="a">Annuaire statistique de la Roumanie</marc:subfield>
    </marc:datafield>
    <marc:datafield tag="247" ind1="0" ind2="0">
      <marc:subfield code="a">Anuarul statistic al RPR</marc:subfield>
      <marc:subfield code="f">Hauptsacht. 1957 - 1965</marc:subfield>
    </marc:datafield>
    <marc:datafield tag="247" ind1="0" ind2="0">
      <marc:subfield code="a">Anuarul statistic al Republicii Socialiste România</marc:subfield>
      <marc:subfield code="f">Hauptsacht. 1966 - 1988</marc:subfield>
    </marc:datafield>
    <marc:datafield tag="264" ind1="3" ind2="1">
      <marc:subfield code="a">Bucureşti</marc:subfield>
      <marc:subfield code="b">Institutul Naţional de Statistică</marc:subfield>
      <marc:subfield code="c">1904-</marc:subfield>
    </marc:datafield>
    <marc:datafield tag="264" ind1="2" ind2="1">
      <marc:subfield code="3">anfangs</marc:subfield>
      <marc:subfield code="a">Bucuresti</marc:subfield>
      <marc:subfield code="b">Dir.</marc:subfield>
    </marc:datafield>
    <marc:datafield tag="264" ind1="2" ind2="1">
      <marc:subfield code="3">früher</marc:subfield>
      <marc:subfield code="a">Bucuresti</marc:subfield>
      <marc:subfield code="b">Comisia</marc:subfield>
    </marc:datafield>
    <marc:datafield tag="336" ind1=" " ind2=" ">
      <marc:subfield code="a">Text</marc:subfield>
      <marc:subfield code="b">txt</marc:subfield>
      <marc:subfield code="2">rdacontent</marc:subfield>
    </marc:datafield>
    <marc:datafield tag="337" ind1=" " ind2=" ">
      <marc:subfield code="a">ohne Hilfsmittel zu benutzen</marc:subfield>
      <marc:subfield code="b">n</marc:subfield>
      <marc:subfield code="2">rdamedia</marc:subfield>
    </marc:datafield>
    <marc:datafield tag="337" ind1=" " ind2=" ">
      <marc:subfield code="a">Mikroform</marc:subfield>
      <marc:subfield code="b">h</marc:subfield>
      <marc:subfield code="2">rdamedia</marc:subfield>
    </marc:datafield>
    <marc:datafield tag="338" ind1=" " ind2=" ">
      <marc:subfield code="a">Band</marc:subfield>
      <marc:subfield code="b">nc</marc:subfield>
      <marc:subfield code="2">rdacarrier</marc:subfield>
    </marc:datafield>
    <marc:datafield tag="338" ind1=" " ind2=" ">
      <marc:subfield code="a">Sonstige Mikroformen</marc:subfield>
      <marc:subfield code="b">hz</marc:subfield>
      <marc:subfield code="2">rdacarrier</marc:subfield>
    </marc:datafield>
    <marc:datafield tag="362" ind1="0" ind2=" ">
      <marc:subfield code="a">1904 - 1939/40(1940); 1957 - 1988; 1990 -</marc:subfield>
    </marc:datafield>
    <marc:datafield tag="363" ind1="0" ind2="0">
      <marc:subfield code="8">1.1\x</marc:subfield>
      <marc:subfield code="i">1904</marc:subfield>
    </marc:datafield>
    <marc:datafield tag="363" ind1="1" ind2="0">
      <marc:subfield code="8">1.2\x</marc:subfield>
      <marc:subfield code="i">1939/40</marc:subfield>
    </marc:datafield>
    <marc:datafield tag="363" ind1="0" ind2="0">
      <marc:subfield code="8">2.1\x</marc:subfield>
      <marc:subfield code="i">1957</marc:subfield>
    </marc:datafield>
    <marc:datafield tag="363" ind1="1" ind2="0">
      <marc:subfield code="8">2.2\x</marc:subfield>
      <marc:subfield code="i">1988</marc:subfield>
    </marc:datafield>
    <marc:datafield tag="363" ind1="0" ind2="1">
      <marc:subfield code="8">3.1\x</marc:subfield>
      <marc:subfield code="i">1990</marc:subfield>
    </marc:datafield>
    <marc:datafield tag="500" ind1=" " ind2=" ">
      <marc:subfield code="a">1935/36 - 1939/40 ohne Paralleltitel</marc:subfield>
    </marc:datafield>
    <marc:datafield tag="500" ind1=" " ind2=" ">
      <marc:subfield code="a">Herausgebendes Organ 1904 - 1924: Ministerul Industriel şi Comerţului, Direcţiunea Generala ă Statisticei; 1925 - 1928: Ministerul Industriel şi Comerţului, Institutul de Statistică Generalǎ a Statului; 1929 - 1933: Ministerul Muncii, Sănătaţii şi Ocrotirolor Sociale, Institutul de Statistică Generalǎ a Statului; 1934: Ministerul Muncii, Sănătaţii şi Ocrotirolor Sociale, Institutul de Statistică a Statului; 1935/36 - 1939/40: Institututl Central de Statistică; teils: Ministerul Financelor, Direcţiunea Statistică Generale; später bis 1965: Republică Populară Romînă; bis 1988: Direcţia Centrală de Statistică; 1990 - 1999: Comisia Naţională Pentru Statistică</marc:subfield>
    </marc:datafield>
    <marc:datafield tag="500" ind1=" " ind2=" ">
      <marc:subfield code="a">Ungezählte Beilage 2017: Personalităţi ale Statisticii Româneşti</marc:subfield>
    </marc:datafield>
    <marc:datafield tag="515" ind1=" " ind2=" ">
      <marc:subfield code="a">Teils mit Zählung; 1941 - 1956 u. 1989 nicht ersch.</marc:subfield>
    </marc:datafield>
    <marc:datafield tag="530" ind1=" " ind2=" ">
      <marc:subfield code="a">Mikrofiche-Ausg.: Cambridge [u.a.] : Chadwyck-Healy</marc:subfield>
    </marc:datafield>
    <marc:datafield tag="533" ind1=" " ind2=" ">
      <marc:subfield code="a">Mikrofiche-Ausg.</marc:subfield>
    </marc:datafield>
    <marc:datafield tag="546" ind1=" " ind2=" ">
      <marc:subfield code="a">Text 1904 - 1939/40 rumänisch und französisch</marc:subfield>
    </marc:datafield>
    <marc:datafield tag="650" ind1=" " ind2="7">
      <marc:subfield code="0">(DE-588)4066399-1</marc:subfield>
      <marc:subfield code="0">https://d-nb.info/gnd/4066399-1</marc:subfield>
      <marc:subfield code="0">(DE-101)04066399X</marc:subfield>
      <marc:subfield code="a">Wirtschaft</marc:subfield>
      <marc:subfield code="9">rswk-swf</marc:subfield>
      <marc:subfield code="2">gnd</marc:subfield>
    </marc:datafield>
    <marc:datafield tag="651" ind1=" " ind2="7">
      <marc:subfield code="0">(DE-588)4050939-4</marc:subfield>
      <marc:subfield code="0">https://d-nb.info/gnd/4050939-4</marc:subfield>
      <marc:subfield code="0">(DE-101)040509397</marc:subfield>
      <marc:subfield code="a">Rumänien</marc:subfield>
      <marc:subfield code="9">rswk-swf</marc:subfield>
      <marc:subfield code="2">gnd</marc:subfield>
    </marc:datafield>
    <marc:datafield tag="655" ind1=" " ind2="7">
      <marc:subfield code="0">(DE-588)4067488-5</marc:subfield>
      <marc:subfield code="0">https://d-nb.info/gnd/4067488-5</marc:subfield>
      <marc:subfield code="0">(DE-101)040674886</marc:subfield>
      <marc:subfield code="a">Zeitschrift</marc:subfield>
      <marc:subfield code="2">gnd-content</marc:subfield>
    </marc:datafield>
    <marc:datafield tag="655" ind1=" " ind2="7">
      <marc:subfield code="0">(DE-588)4056995-0</marc:subfield>
      <marc:subfield code="0">https://d-nb.info/gnd/4056995-0</marc:subfield>
      <marc:subfield code="0">(DE-101)040569950</marc:subfield>
      <marc:subfield code="a">Statistik</marc:subfield>
      <marc:subfield code="2">gnd-content</marc:subfield>
    </marc:datafield>
    <marc:datafield tag="655" ind1=" " ind2="7">
      <marc:subfield code="a">Statistik</marc:subfield>
      <marc:subfield code="9">rswk-swf</marc:subfield>
      <marc:subfield code="2">gnd</marc:subfield>
    </marc:datafield>
    <marc:datafield tag="689" ind1="0" ind2="0">
      <marc:subfield code="0">(DE-588)4050939-4</marc:subfield>
      <marc:subfield code="0">https://d-nb.info/gnd/4050939-4</marc:subfield>
      <marc:subfield code="0">(DE-101)040509397</marc:subfield>
      <marc:subfield code="D">g</marc:subfield>
      <marc:subfield code="a">Rumänien</marc:subfield>
    </marc:datafield>
    <marc:datafield tag="689" ind1="0" ind2="1">
      <marc:subfield code="0">(DE-588)4066399-1</marc:subfield>
      <marc:subfield code="0">https://d-nb.info/gnd/4066399-1</marc:subfield>
      <marc:subfield code="0">(DE-101)04066399X</marc:subfield>
      <marc:subfield code="D">s</marc:subfield>
      <marc:subfield code="a">Wirtschaft</marc:subfield>
    </marc:datafield>
    <marc:datafield tag="689" ind1="0" ind2="2">
      <marc:subfield code="A">f</marc:subfield>
      <marc:subfield code="a">Statistik</marc:subfield>
    </marc:datafield>
    <marc:datafield tag="689" ind1="0" ind2=" ">
      <marc:subfield code="5">DE-600</marc:subfield>
      <marc:subfield code="5">DE-600</marc:subfield>
    </marc:datafield>
    <marc:datafield tag="710" ind1="2" ind2=" ">
      <marc:subfield code="0">(DE-588)10100248-8</marc:subfield>
      <marc:subfield code="0">https://d-nb.info/gnd/10100248-8</marc:subfield>
      <marc:subfield code="0">(DE-101)974342742</marc:subfield>
      <marc:subfield code="a">Institutul Naţional de Statistică</marc:subfield>
      <marc:subfield code="e">Herausgebendes Organ</marc:subfield>
      <marc:subfield code="4">isb</marc:subfield>
      <marc:subfield code="2">gnd</marc:subfield>
    </marc:datafield>
    <marc:datafield tag="770" ind1="0" ind2="8">
      <marc:subfield code="i">Supplement</marc:subfield>
      <marc:subfield code="a">Rumänien</marc:subfield>
      <marc:subfield code="t">Statistical yearbook of the Socialist Republic of Romania</marc:subfield>
      <marc:subfield code="d">Bucureşti : [Verlag nicht ermittelbar], 1957-</marc:subfield>
      <marc:subfield code="w">(DE-600)423-6</marc:subfield>
      <marc:subfield code="w">(DE-101)010003509</marc:subfield>
    </marc:datafield>
    <marc:datafield tag="775" ind1="0" ind2="8">
      <marc:subfield code="i">Übersetzt als</marc:subfield>
      <marc:subfield code="n">Franz. Teilübers.</marc:subfield>
      <marc:subfield code="a">Rumänien</marc:subfield>
      <marc:subfield code="t">Annuaire statistique de la République Socialiste de Roumanie</marc:subfield>
      <marc:subfield code="d">Bukarest : Direction, 1957-</marc:subfield>
      <marc:subfield code="w">(DE-600)950350-X</marc:subfield>
      <marc:subfield code="w">(DE-101)015082768</marc:subfield>
    </marc:datafield>
    <marc:datafield tag="775" ind1="0" ind2="8">
      <marc:subfield code="i">Übersetzt als</marc:subfield>
      <marc:subfield code="n">Russ. Teilübers.</marc:subfield>
      <marc:subfield code="a">Rumänien</marc:subfield>
      <marc:subfield code="t">Statističeskij ežegodnik Socialističeskoj Respubliki Rumynii</marc:subfield>
      <marc:subfield code="d">Bucureşti : [Verlag nicht ermittelbar], 1957-</marc:subfield>
      <marc:subfield code="w">(DE-600)1040592-6</marc:subfield>
      <marc:subfield code="w">(DE-101)015727270</marc:subfield>
    </marc:datafield>
    <marc:datafield tag="776" ind1="0" ind2="8">
      <marc:subfield code="i">Erscheint auch als</marc:subfield>
      <marc:subfield code="n">CD-ROM-Ausgabe</marc:subfield>
      <marc:subfield code="a">Rumänien</marc:subfield>
      <marc:subfield code="t">Anuarul statistic al României</marc:subfield>
      <marc:subfield code="d">Bucuresti : [Verlag nicht ermittelbar], 1997-</marc:subfield>
      <marc:subfield code="h">CD-ROMs + Disketten</marc:subfield>
      <marc:subfield code="x">1220-3246</marc:subfield>
      <marc:subfield code="w">(DE-600)2021287-2</marc:subfield>
      <marc:subfield code="w">(DE-101)020689888</marc:subfield>
    </marc:datafield>
    <marc:datafield tag="776" ind1="0" ind2="8">
      <marc:subfield code="i">Erscheint auch als</marc:subfield>
      <marc:subfield code="n">Online-Ausgabe</marc:subfield>
      <marc:subfield code="a">Rumänien</marc:subfield>
      <marc:subfield code="t">Anuarul statistic al României</marc:subfield>
      <marc:subfield code="d">Bucuresti : [Verlag nicht ermittelbar], [2006?]-</marc:subfield>
      <marc:subfield code="h">Online-Ressource</marc:subfield>
      <marc:subfield code="w">(DE-600)2828977-8</marc:subfield>
      <marc:subfield code="w">(DE-101)1074205162</marc:subfield>
    </marc:datafield>
    <marc:datafield tag="850" ind1=" " ind2=" ">
      <marc:subfield code="a">DE-101a</marc:subfield>
    </marc:datafield>
  </marc:record>
</marc:collection>
